Compendium of evalution studies 1965-83 (Record no. 497032)

000 -LEADER
fixed length control field 00420cam a22001097a 4500
008 - FIXED-LENGTH DATA ELEMENTS--GENERAL INFORMATION
fixed length control field 180718b1984 xxu||||| |||| 00| 0 eng d
082 ## - DEWEY DECIMAL CLASSIFICATION NUMBER
Classification number T000x5444 K147ev/1965-83
245 ## - TITLE STATEMENT
Title Compendium of evalution studies 1965-83
Statement of responsibility, etc. by Institutional Finance And Statistics Department
260 ## - PUBLICATION, DISTRIBUTION, ETC.
Place of publication, distribution, etc. Bangalore
Name of publisher, distributor, etc. karnataka Government Secretariat
Date of publication, distribution, etc. 1984
300 ## - PHYSICAL DESCRIPTION
Extent 86p.
700 ## - ADDED ENTRY--PERSONAL NAME
Personal name Karnataka. Institutional Finance And Statistics Department
Holdings
Withdrawn status Lost status Damaged status Not for loan Permanent Location Current Location Date acquired Full call number Barcode Date last seen Price effective from Koha item type
        Indian Institute of Public Administration Indian Institute of Public Administration 2018-08-04 T000x5444 K147ev/1965-83 GG20657 2018-08-04 2018-08-04 GG

Powered by Koha